Orfej među šljivama; antologija savremenih srpskih pesnika sa sela.
Saved in:
| Main Author: | |
|---|---|
| Other Authors: | |
| Format: | Book |
| Published: |
Kragujevac,
Svetlost,
1963.
|
| Subjects: | |
| Tags: |
Add Tag
No Tags, Be the first to tag this record!
|
| LEADER | 00681nam a2200229I 4500 | ||
|---|---|---|---|
| 001 | 006837357-0 | ||
| 005 | 20020606163548.3 | ||
| 008 | 900621s1963 yu a 000 0 srpr | ||
| 010 | |a 67120250 | ||
| 035 | 0 | |a ocm21893963 | |
| 040 | |a DLC |c KKU |d KKU |d HLS | ||
| 050 | 0 | |a PG1414 |b .V5 | |
| 100 | 1 | |a Vitošević, Dragiša. | |
| 245 | 1 | 0 | |a Orfej među šljivama; |b antologija savremenih srpskih pesnika sa sela. |
| 260 | |a Kragujevac, |b Svetlost, |c 1963. | ||
| 300 | |a 205 p. |b illus. |c 20 cm. | ||
| 500 | |a At head of title: Dragiša Vitošević, Dobrica Erić. | ||
| 500 | |a Errata slip inserted. | ||
| 650 | 0 | |a Serbian poetry. | |
| 700 | 1 | |a Erić, Dobrica. | |
| 988 | |a 20020608 | ||
| 906 | |0 DLC | ||


